[Event "Chioggia op 1st"]
[Site "Chioggia"]
[Date "2006.02.05"]
[Round "6"]
[White "Varagnolo, Silvia"]
[Black "Boscolo, Ampelio"]
[Result "0-1"]
[WhiteElo "1691"]
[BlackElo "1760"]
[PlyCount "78"]
[EventDate "2006.01.28"]
[EventType "swiss"]
[EventRounds "6"]
[EventCountry "ITA"]
[SourceTitle "EXT 2022"]
[Source "ChessBase"]
[SourceDate "2021.10.06"]
[SourceVersion "1"]
[SourceVersionDate "2021.10.06"]
[SourceQuality "1"]

1. e4 Nf6 2. Nc3 e5 3. Nf3 d6 4. d3 Nc6 5. Be2 Be7 6. 0-0 h6 7. h3 Be6 8. Be3 d5 9. exd5 Nxd5 10. Nxd5 Qxd5 11. Nd2 Nd4 12. Bf3 Nxf3+ 13. Qxf3 Qb5 14. b3 0-0-0 15. a4 Qa5 16. Rfc1 f5 17. Nf1 Bb4 18. Qe2 g5 19. Bd2 Bxd2 20. Nxd2 g4 21. hxg4 fxg4 22. Ne4 h5 23. Qd2 Qd5 24. Qb4 Bd7 25. Qc5 Qd4 26. Qxd4 exd4 27. Re1 h4 28. Nf6 Bc6 29. Nxg4 Rdg8 30. f3 h3 31. gxh3 Rxh3 32. Kf1 Rxf3+ 33. Nf2 Rgf8 34. Re2 Rh3 35. Ke1 Rh2 36. Ra2 Bf3 37. Rd2 Rfh8 38. Rb2 Rg8 39. Kf1 Rgg2 0-1

[Event "Chioggia op 1st"]
[Site "Chioggia"]
[Date "2006.01.28"]
[Round "1"]
[White "Colombo, Matteo"]
[Black "Boscolo, Ampelio"]
[Result "1/2-1/2"]
[WhiteElo "1483"]
[BlackElo "1760"]
[PlyCount "58"]
[EventDate "2006.01.28"]
[EventType "swiss"]
[EventRounds "6"]
[EventCountry "ITA"]
[SourceTitle "EXT 2022"]
[Source "ChessBase"]
[SourceDate "2021.10.06"]
[SourceVersion "1"]
[SourceVersionDate "2021.10.06"]
[SourceQuality "1"]

1. e4 Nf6 2. e5 Nd5 3. d4 d6 4. c4 Nb6 5. f4 Bf5 6. Bd3 Bxd3 7. Qxd3 dxe5 8. fxe5 Nc6 9. Nf3 e6 10. 0-0 Be7 11. Be3 Qd7 12. Nc3 0-0-0 13. a3 f6 14. exf6 Bxf6 15. Rfd1 Na5 16. c5 Nd5 17. Nxd5 Qxd5 18. Rac1 g6 19. b4 Nc6 20. b5 Ne5 21. Nxe5 Bxe5 22. Rc3 Bf6 23. b6 axb6 24. cxb6 c6 25. Rc5 Qd6 26. a4 Qxc5 27. dxc5 Rxd3 28. Rxd3 Rd8 29. Rxd8+ Kxd8 1/2-1/2

[Event "Padova op-B 2nd"]
[Site "Padova"]
[Date "1999.12.19"]
[Round "5.33"]
[White "Boscolo, Ampelio"]
[Black "Moschini, Costantino"]
[Result "0-1"]
[WhiteElo "1494"]
[BlackElo "1513"]
[PlyCount "88"]
[EventDate "1999.12.11"]
[EventType "swiss"]
[EventRounds "6"]
[EventCountry "ITA"]
[SourceTitle "EXT 2024"]
[Source "ChessBase"]
[SourceDate "2023.10.10"]
[SourceVersion "1"]
[SourceVersionDate "2023.10.10"]
[SourceQuality "1"]

1. Nf3 Nf6 2. g3 g6 3. Bg2 Bg7 4. d4 0-0 5. Nbd2 c6 6. e4 d6 7. 0-0 Nbd7 8. Re1 e5 9. c3 Qc7 10. Nc4 b5 11. Na3 Rb8 12. Nc2 Bb7 13. b3 a5 14. Ba3 Rfd8 15. Qe2 Ba8 16. Rad1 c5 17. d5 b4 18. Bb2 Bb7 19. Nh4 Ra8 20. f4 c4 21. Qxc4 Qb6+ 22. Kh1 Ba6 23. Qc6 Qb8 24. fxe5 Nxe5 25. Qxa8 Qxa8 26. cxb4 Nd3 27. Bxf6 Bxf6 28. Rf1 Bxh4 29. gxh4 Nb2 30. bxa5 Bxf1 31. Rxf1 Qxa5 32. Nd4 Qc5 33. Nc6 Ra8 34. a4 Nd3 35. h3 Nf2+ 36. Kh2 Qc2 37. e5 Nd1 38. exd6 Ne3 39. Rg1 Nxd5 40. d7 Qxc6 41. Rd1 Qc7+ 42. Kg1 Ne3 43. Bxa8 Nxd1 44. Bc6 Qg3+ 0-1